| 000 | 00000nam 2200000zi 4500 |
| 001 | 9.892657 |
| 003 | CaOODSP |
| 005 | 20230425110438 |
| 006 | m o d f |
| 007 | cr |n||||||||| |
| 008 | 201021e197803##onc ob f000 0|eng d |
| 040 | |aCaOODSP|beng|erda|cCaOODSP |
| 043 | |an-cn--- |
| 086 | 1 |aCo22-465/2-1978E-PDF |
| 245 | 00|aEconomic analysis of information activities and the role of electronics, telecommunications and related technologies : |beconomic theory and the information economy. |
| 264 | 1|aOttawa, Ontario : |bTelecommunications Economics Branch, Department of Communications, |cMarch 1978. |
| 300 | |a1 online resource (40 pages) |
| 336 | |atext|btxt|2rdacontent |
| 337 | |acomputer|bc|2rdamedia |
| 338 | |aonline resource|bcr|2rdacarrier |
| 500 | |aDigitized edition from print [produced by Innovation, Science and Economic Development Canada]. |
| 504 | |aIncludes bibliographical references. |
| 650 | 0|aInformation services|xEconomic aspects|zCanada. |
| 650 | 0|aTelecommunication|xEconomic aspects|zCanada. |
| 650 | 6|aServices d'information|xAspect économique|zCanada. |
| 650 | 6|aTélécommunications|xAspect économique|zCanada. |
| 710 | 1 |aCanada. |bDepartment of Communications, |eissuing body. |
| 856 | 40|qPDF|s1.76 MB|uhttps://publications.gc.ca/collections/collection_2023/isde-ised/co22/Co22-465-2-1978-eng.pdf |